00455 2200169 4500001002100000005001700021008004100038035002600079245002500105100002600130260004700156300002200203020002200225082000800247084001400255990001600269INLIS00000000000025620210217102655.0210217| ||| | ind  a 0010-02210000000025600cMuhammad Ramdhan Adi0 aAdi, Ramdhan Muhammad aJAWA BARAT:bPT INDAHJAYA Adipratamac2008 a68 hlm. ;c30 cm. a978-979-24-1628-20 a570 a570 MUH b a00000000613